LEADER 01190nas 2200397-a 450 001 996206272203316 005 20221206182901.0 011 $a1522-1229 035 $a(OCoLC)40063806 035 $a(CKB)954926460659 035 $a(CONSER)sn-99004804- 035 $a(DE-599)ZDB1477338-7 035 $a(EXLCZ)99954926460659 100 $a19981008a19899999 s-- a 101 0 $aeng 135 $aurcnu|||||||| 181 $ctxt$2rdacontent 182 $cc$2rdamedia 183 $acr$2rdacarrier 200 10$aAdvances in physiology education 210 $aBethesda, Md. $cAmerican Physiological Society ;$a[Stanford, Calif.?] $cHighWire Press 300 $aRefereed/Peer-reviewed 311 $a1043-4046 606 $aPhysiology$xStudy and teaching$vPeriodicals 606 $aPhysiology$xeducation 606 $aTeaching$xmethods 608 $aPeriodical. 615 0$aPhysiology$xStudy and teaching 615 12$aPhysiology$xeducation. 615 22$aTeaching$xmethods. 676 $a574 712 02$aAmerican Physiological Society (1887- ) 906 $aJOURNAL 912 $a996206272203316 996 $aAdvances in physiology education$9802454 997 $aUNISA